000 01285nam a22002417a 4500
999 _c63047
_d63047
003 Ge_BSU
005 20250523113537.0
008 250523s2024 ge ||||| |||| 00| 0 geo d
020 _a9789941871375
041 _ageo
080 _a316.454.3 ლ-34
100 _aლე ბონი, გუსტავ
_916486
245 _aმასების ფსიქოლოგია = Psychologie des foules /
_cგუსტავ ლე ბონი; მთარგმნელი ვახტანგ გორგიშელი; რედაქტორი დიმიტრი უჩანეიშვილი.
264 _aთბილისი :
_bაქტი,
_c2024.
300 _a224 გვ. ;
_b 19 სმ.
504 _aბიბლიოგრაფია ტექსტის შენიშვნებში.
653 _aმასების ქცევა
653 _aმასების ფსიქოლოგია
700 _aგორგიშელი, ვახტანგ
_eმთარგმნელი
_913944
700 _aუჩანეიშვილი, დიმიტრი
_eრედაქტორი
_913895
700 _aცაცუა, გიზო
_eგამომცემელი
_913970
942 _2udc
_cᲬᲘᲒᲜᲘ